Представление документа в формате RUSMARC

ПолеНазваниеЗначение
  Тип записи a
  Библиографический уровень m
001 Контрольный номер RU/IS/BASE/577804946
005 Дата корректировки 20240207193808.4
010 Индекс ISBN __
d Цена 0 р. 39 к.
9 Тираж 100000 экз.
100 Данные общей обработки __
a Данные общей обработки 20180423d2018 ||| 0rusy0189 ca
101 Язык документа 0_
a Язык текста rus
102 Страна публикации __
a Страна публикации RU
105 Кодированные данные (монография) __
a Кодированные данные (монография) y###||||000|y
200 Заглавие и сведения об ответственности 1_
a Заглавие Зимние игры и развлечения
b Общее обозначение материала Текст
e Сведения, относящиеся к заглавию сборник подвижных и спортивных игр и развлечений на лыжах, коньках и санях
e Сведения, относящиеся к заглавию [для детей]
f Первые сведения об ответственности С. В. Глязер
210 Выходные данные 1_
a Место издания Москва
c Издательство Физкультура и спорт
d Дата издания 1973
215 Физическое описание __
a Объем 79 с.
c Иллюстрации/тип воспроизводства ил.
d Формат 21 см.
606 Тематические рубрики 1_
a Основная рубрика Зимний спорт - Подвижные игры
608 Указатель предметных рубрик __
a Жанр/форма игра
610 Ключевые слова 1_
a Ключевые слова зимний спорт
a Ключевые слова подвижные игры
a Ключевые слова спортивные игры
a Ключевые слова зимние игры
a Ключевые слова игры веселые
a Ключевые слова рассказы об играх
a Ключевые слова спортивные занятия
a Ключевые слова лыжи
a Ключевые слова коньки
a Ключевые слова сани
a Ключевые слова сборники игр
a Ключевые слова развлечения для детей
686 Индексы других классификаций __
a Классификационный индекс 75.719
2 Код системы rubbk
700 Автор _1
a Фамилия Глязер
b Имя (инициалы) Самсон Вольфович
g Полное личное имя С. В.
801 Источник записи _0
a Страна RU
b Организация Ульяновская ОБДЮ
c Дата составления 20180423
g Правила каталогизации RCR
801 Источник записи _1
a Страна RU
b Организация Ульяновская ОБДЮ
c Дата составления 20180423
g Правила каталогизации RCR
852 Данные о местонахождении __
a Наименование организации Ульяновская ОБДЮ
i Авторский знак Г 55
j Шифр хранения 75.719
901 Тип документа __
t Тип документа m
909 Создатель записи __
a Создатель записи Кузина Е.А
910 Корректоры записи __
a Корректор записи Кузина Е.А
919 __
a Кузина Е.А
c Кузина Е.А
938 Служебная информация __
a Имя БД MarkBase